Equideow-tous les chevaux spéciaux - Statistiques

Statistiques générales
  • Ce quiz a été pris 11 fois
  • Le résultat moyen est 117 sur 414
Statistiques - réponses
Hint Réponse % Correct
Métiaux précieux Argent
75%
Dieux grecs Athena
75%
automne
75%
Belier
75%
cascade
75%
été
75%
Gemeaux
75%
hiver
75%
jupiter
75%
mars
75%
Or
75%
pluton
75%
Saisons printemps
75%
saphir
75%
Système solaire Saturne
75%
Taureau
75%
terre
75%
Vierge
75%
Ancestral Yggdrasil
75%
Arthur
63%
Balance
63%
balios
63%
Bellacorne bellacorne
63%
Cancer
63%
Capricorne
63%
Cuivre
63%
Patisseries cupcake
63%
diamant
63%
Flamme
63%
I love you
63%
Amour Je t'aime
63%
Joyeux Noel
63%
lune
63%
mercure
63%
Noël Merry christmas
63%
neptune
63%
pluie
63%
Poisson
63%
Re
63%
Pierres précieuses rubis
63%
Sagittaire
63%
Serpentaire
63%
soleil
63%
Thor
63%
uranus
63%
venus
63%
Anubis
50%
Apollon
50%
Aramis
50%
Artemis
50%
Belle au bois dormant
50%
Caméléon
50%
Carnivorus
50%
Cool carrot
50%
crésus
50%
Cumin
50%
emeraude
50%
Etria Etrian
50%
Vents euros
50%
Feliz navidad
50%
Forest green
50%
Fumée
50%
givre
50%
gypse
50%
Ich liebe dich
50%
onyx
50%
opale
50%
Or rose
50%
Panda
50%
Graal Perceval
50%
petit
50%
Petit poucet
50%
Histoire de l'art Pop art
50%
Poseidon
50%
rosée
50%
Shiny yellow
50%
source
50%
Sushi
50%
Te quiero
50%
topaze
50%
Verseau
50%
Mythologiques xanthos
50%
zéphyr
50%
Zonkey
50%
Heros grecs Achille
38%
Alice au pays des merveilles
38%
Légendaires Altair
38%
améthyste
38%
apéliote
38%
Mousquetaires Athos
38%
Blanche neige
38%
borée
38%
Feu Braises
38%
Brave purple
38%
brume
38%
Buche de noël
38%
calcias
38%
Epices Canelle
38%
Cendrillon
38%
Charbon
38%
Arc-en-ciel Charming red
38%
Comet
38%
Dancer
38%
D'artagnan
38%
Dauphin
38%
Demeter
38%
Donner
38%
Elephant
38%
Epona
38%
euronotos
38%
Fantome de noël
38%
Foret noire
38%
Frohe Weihnachten
38%
Galahad
38%
Géante rouge
38%
geyser
38%
greyfell
38%
Guenievre
38%
Heracles
38%
Hydre
38%
io
38%
Isis
38%
jade
38%
Jenny
38%
Règle végétal Liana
38%
Lion
38%
lips
38%
Loki
38%
Loukoum
38%
Loukoumi
38%
Lovely blue
38%
Celtes Morrigan
38%
Naine blanche
38%
notos
38%
nuage
38%
Odin
38%
Osmium
38%
Ours polaire
38%
Panda roux
38%
Paprika
38%
Perroquet
38%
Petit chaperon rouge
38%
Platine
38%
Porthos
38%
Pranzer
38%
Contes de fées Reine des neiges
38%
Renard
38%
Sakura
38%
Japonais Samourai
38%
Sekhmet
38%
Sekiryu
38%
Sequoia
38%
Shenma
38%
Sherlock Holmes
38%
sleipnir
38%
Eau snow
38%
Stellaires Supernova
38%
Thot
38%
tiny
38%
Vanille
38%
Wikaila
38%
Zaldia
38%
Zonkeymily Zebra
38%
agate
25%
Aigle
25%
Alga
25%
ambre
25%
Amira
25%
Amon
25%
Anaconda
25%
arion
25%
arvakr
25%
Atalante
25%
Baldr
25%
Bison
25%
Rennes de noël Blitzen
25%
Crossover Blue hungry horse
25%
Borvo
25%
Bragi
25%
Bucéphale
25%
Caryopsis
25%
Casse noisette
25%
Chat botté
25%
Falabella chiquitin
25%
Chitu
25%
Chocolat blanc
25%
Chocolatine
25%
Chocolat noir
25%
Cookie
25%
Cupid
25%
Dame du lac
25%
Dasher
25%
Sherlock Holmes Docteur Watson
25%
Drakorne
25%
éole
25%
Etincelles
25%
Fairycake
25%
Fern
25%
flocon
25%
Frigg
25%
Gingerbread
25%
Girofle
25%
Gold hungry horse
25%
Hamster doré
25%
Hephaistos
25%
hippalectryon
25%
Préhistoriques Hipparion
25%
hrafn
25%
hrimfaxi
25%
Hypergeante bleue
25%
Idunn
25%
Irène adler
25%
Jeg elsker deg
25%
Jormungandr
25%
Kabuki
25%
Kaktos
25%
Kigurumi
25%
Kirin
25%
Ladon
25%
lapyx
25%
libonotos
25%
Longma
25%
Lotis
25%
Loup
25%
Lug
25%
Macaron
25%
Maneki neko
25%
Manticore
25%
Merlin
25%
midas
25%
Momotaro
25%
Mordred
25%
Morgane
25%
ocean
25%
Orque
25%
Egyptiens Osiris
25%
Pain au chocolat
25%
Pain d'épice
25%
Pangolin
25%
pequeno
25%
Perruche ondulée
25%
Petite sirène
25%
Pieuvre géante
25%
Champignons Pleurote
25%
przewalski
25%
Ptah
25%
Chinois Qilin
25%
quartz
25%
Raiponce
25%
Requin marteau
25%
Rhenium
25%
Rhinoceros
25%
Romantisme
25%
Ruthenium
25%
Safran
25%
sciron
25%
Secret Rainbow
25%
Seth
25%
Sinbad
25%
skinfaxi
25%
Ti amo
25%
Tianma
25%
Chimériques Tigre
25%
Tyr
25%
Ulysse
25%
vague
25%
Vif argent
25%
Chevaux de compagnie Welsh corgi
25%
Yuki
25%
Yvain
25%
Aengus
13%
alsvidr
13%
Angora anglais
13%
Apophis
13%
Dragons Blizzard
13%
Boeuf
13%
Bonsai
13%
Borealis
13%
brumby
13%
Carnaval
13%
Cheval des forêts
13%
Coccinelle
13%
Crocodile
13%
Cuelebre
13%
Dagda
13%
Delling
13%
Devoted indigo
13%
Eu amo te
13%
Eurydice
13%
Fae
13%
Nordiques Fenrir
13%
Fuji
13%
Gauvain
13%
Gazelle
13%
Gorille
13%
gullfaxi
13%
Hanabi
13%
Hanafuda
13%
Harfang des neiges
13%
Heimdall
13%
Hel
13%
Hérisson
13%
Hestia
13%
Hippidion
13%
hippocampe
13%
hippogriffe
13%
Hippolyte
13%
Horus
13%
Huanglong
13%
Hydrontin
13%
Jack et le haricot magique
13%
Jag Alskar Dig
13%
Kaiju
13%
Karate
13%
klein
13%
Lancelot
13%
lille
13%
Lion d'afrique
13%
liten
13%
Lorel Cattalien
13%
Mahuika
13%
Maine coon
13%
Midir
13%
misaki
13%
Naine jaune
13%
Panthère des neiges
13%
Pendragon
13%
perle
13%
piccolo
13%
pieni
13%
Pixiu
13%
poney de l'ile de sable
13%
Professeur moriarty
13%
Pudding de noël
13%
Punga
13%
Ran
13%
Raton laveur
13%
Rongo
13%
Ruaumoko
13%
Shodo
13%
slongvir
13%
Tarpan
13%
Tormenta
13%
Tortue
13%
Tumatauenga
13%
uchchaihshravas
13%
Vixen
13%
Wasabi
13%
Ymir
13%
Yokai
13%
Extraterrestre Aartavien
0%
bankerr
0%
barbe abaco
0%
Buon natale
0%
camargue
0%
Caradoc
0%
celeris
0%
Cernunnos
0%
cheval d'ainos
0%
cheval de l'ile cumberland
0%
cheval de l'ile shackleford
0%
cheval de namibie
0%
cheval de nangchen
0%
cheval du delta du danube
0%
chincoteague
0%
dartmoor
0%
Ecureuil
0%
exmoor
0%
Freia
0%
garrano
0%
Glaedelig jul
0%
Goibniu
0%
Haumia Tiketike
0%
Hyracotherium
0%
Hyvaa Joulua
0%
Ik houd van je
0%
kaimanawa
0%
Kangouroux
0%
Kawaii
0%
kicsi
0%
Kocham cie
0%
Koekje
0%
konik
0%
kundudo
0%
lavradeiro
0%
Falacorne mali
0%
malicky
0%
Mele kalikimaka
0%
Miluji te
0%
Mina rakastan sinua
0%
Musiciens de breme
0%
poney dülmen
0%
pottok
0%
rakhch
0%
Rehua
0%
Renard polaire
0%
Scandium
0%
Schwarzwalder Kirschtorte
0%
Astrologiques Scoprion
0%
Shamisen
0%
sorraia
0%
Sauvages Spanish mustang
0%
svadilfari
0%
Sybsaienne
0%
Tane mahuta
0%
Maoris Tangaroa
0%
Taranis
0%
tascias
0%
Tawhirimatea
0%
Tha gaol agam ort
0%
Vaillant petit tailleur
0%
Vesele vanoce
0%
welsh mountain
0%
Wesolych Swiat
0%
Aucun quiz correspondant
Distribution des résultats
% des personnes avec chaque résultat
Percentile par nombre de réponses
Votre historique - résultats
Vous n’avez pas pris ce quiz